Report. (Record no. 69897)

MARC details
000 -LEADER
fixed length control field 00767cam a22002291 4500
001 - CONTROL NUMBER
control field sa 66005332
003 - CONTROL NUMBER IDENTIFIER
control field DLC
005 - DATE AND TIME OF LATEST TRANSACTION
control field 20260227112248.0
008 - FIXED-LENGTH DATA ELEMENTS--GENERAL INFORMATION
fixed length control field 861119s1964 ii 000 0 eng
010 ## - LIBRARY OF CONGRESS CONTROL NUMBER
LC control number sa 66005332
025 ## - OVERSEAS ACQUISITION NUMBER
Overseas acquisition number PL480:I-E-5657
035 ## - SYSTEM CONTROL NUMBER
System control number (OCoLC)14766604
040 ## - CATALOGING SOURCE
Original cataloging agency DLC
Transcribing agency WaU
Modifying agency WaU
-- DLC
042 ## - AUTHENTICATION CODE
Authentication code premarc
050 00 - LIBRARY OF CONGRESS CALL NUMBER
Classification number HD7051
Item number .R3
110 1# - MAIN ENTRY--CORPORATE NAME
Corporate name or jurisdiction name as entry element Rajasthan (India).
Subordinate unit Expert Committee on Consumer Price Indices for Industrial Workers in Rajasthan and Linking of Dearness Allowance with Consumer Price Indices.
245 00 - TITLE STATEMENT
Title Report.
260 ## - PUBLICATION, DISTRIBUTION, ETC.
Place of publication, distribution, etc. Jaipur,
Name of publisher, distributor, etc. Dept. of Labour & Employment, Rajasthan,
Date of publication, distribution, etc. 1964.
300 ## - PHYSICAL DESCRIPTION
Extent 65 p.
Dimensions 25 cm.
650 #0 - SUBJECT ADDED ENTRY--TOPICAL TERM
Topical term or geographic name entry element Cost and standard of living
Geographic subdivision India
-- Rajasthan.
650 #0 - SUBJECT ADDED ENTRY--TOPICAL TERM
Topical term or geographic name entry element Prices
Geographic subdivision India
-- Rajasthan.

No items available.

Powered by Koha